Nghiên cứu vai trò của tổ hợp tác sản xuất nông dân đối với hiệu quả sử dụng các nguồn lực của nông hộ tại thành phố Cần Thơ trong thời kỳ hội nhập kinh tế thế giới : Báo cáo tổng kết đề tài khoa học và công nghệ cấp Trường

Nội dung đề tài giúp nông dân nâng cao hiệu quả sử dụng nguồn nhân lực. Qua đó đề xuất các giải pháp để cải thiện hoạt động và phát triển tổ hợp tác sản xuất.

Salvato in:
Dettagli Bibliografici
Autore principale: Đỗ, Văn Hoàng
Natura: Libro
Lingua:Undetermined
Pubblicazione: Cần Thơ Trường Đại học Cần Thơ 2012
Soggetti:
Tags: Aggiungi Tag
Nessun Tag, puoi essere il primo ad aggiungerne! !
Thư viện lưu trữ: Trung tâm Học liệu Trường Đại học Cần Thơ
LEADER 01416nam a2200241Ia 4500
001 CTU_203536
008 210402s9999 xx 000 0 und d
082 |a 338.18 
082 |b H407 
088 |a T2011-05 
100 |a Đỗ, Văn Hoàng 
245 0 |a Nghiên cứu vai trò của tổ hợp tác sản xuất nông dân đối với hiệu quả sử dụng các nguồn lực của nông hộ tại thành phố Cần Thơ trong thời kỳ hội nhập kinh tế thế giới : 
245 0 |b Báo cáo tổng kết đề tài khoa học và công nghệ cấp Trường 
245 0 |c Đỗ Văn Hoàng (chủ nhiệm đề tài) ; Trần Quốc Nhân ... [et al.] (tham gia thực hiện) 
260 |a Cần Thơ 
260 |b Trường Đại học Cần Thơ 
260 |c 2012 
520 |a Nội dung đề tài giúp nông dân nâng cao hiệu quả sử dụng nguồn nhân lực. Qua đó đề xuất các giải pháp để cải thiện hoạt động và phát triển tổ hợp tác sản xuất. 
650 |a Economic conditions,Điều kiện kinh tế,Agriculture,Nông nghiệp 
650 |x Economic aspects,Khía cạnh kinh tế 
904 |i Qhieu 
915 |a PT 
980 |a Trung tâm Học liệu Trường Đại học Cần Thơ